<?xml version="1.0" encoding="UTF-8"?><?xml-stylesheet type="text/xsl" href="static/style.xsl"?><OAI-PMH xmlns="http://www.openarchives.org/OAI/2.0/" xmlns:xsi="http://www.w3.org/2001/XMLSchema-instance" xsi:schemaLocation="http://www.openarchives.org/OAI/2.0/ http://www.openarchives.org/OAI/2.0/OAI-PMH.xsd"><responseDate>2026-04-14T04:17:58Z</responseDate><request verb="GetRecord" identifier="oai:www.recercat.cat:10230/48908" metadataPrefix="marc">https://recercat.cat/oai/request</request><GetRecord><record><header><identifier>oai:recercat.cat:10230/48908</identifier><datestamp>2025-12-19T20:28:37Z</datestamp><setSpec>com_2072_6</setSpec><setSpec>col_2072_452954</setSpec></header><metadata><record xmlns="http://www.loc.gov/MARC21/slim" xmlns:dcterms="http://purl.org/dc/terms/" xmlns:xsi="http://www.w3.org/2001/XMLSchema-instance" xmlns:doc="http://www.lyncode.com/xoai" xsi:schemaLocation="http://www.loc.gov/MARC21/slim http://www.loc.gov/standards/marcxml/schema/MARC21slim.xsd">
   <leader>00925njm 22002777a 4500</leader>
   <datafield ind2=" " ind1=" " tag="042">
      <subfield code="a">dc</subfield>
   </datafield>
   <datafield ind2=" " ind1=" " tag="720">
      <subfield code="a">Bassolas Molina, Helena</subfield>
      <subfield code="e">author</subfield>
   </datafield>
   <datafield ind2=" " ind1=" " tag="720">
      <subfield code="a">Mena Puig, Alba</subfield>
      <subfield code="e">author</subfield>
   </datafield>
   <datafield ind2=" " ind1=" " tag="260">
      <subfield code="c">2021-11-04T11:39:44Z</subfield>
   </datafield>
   <datafield ind2=" " ind1=" " tag="260">
      <subfield code="c">2021-11-04T11:39:44Z</subfield>
   </datafield>
   <datafield ind2=" " ind1=" " tag="260">
      <subfield code="c">2020</subfield>
   </datafield>
   <datafield ind2=" " ind1=" " tag="520">
      <subfield code="a">Treball fi de màster de l’especialitat de Ciències naturals. Màster de Formació del professorat d&amp;apos;Educació Secundària i Batxillerat UPF-UOC</subfield>
   </datafield>
   <datafield ind2=" " ind1=" " tag="520">
      <subfield code="a">Tutor: Xavi Muñoz Baguena</subfield>
   </datafield>
   <datafield ind2=" " ind1=" " tag="520">
      <subfield code="a">Mentora: Rosa Maria Martínez Miró (Centre d’Estudis Joan XXIII, Hospitalet de Llobregat)</subfield>
   </datafield>
   <datafield ind2=" " ind1=" " tag="520">
      <subfield code="a">En el present treball de final de màster es pretén aprofundir en el tema de la motivació escolar. Inicialment es realitza una primera aproximació teòrica sobre els tipus de motivació que existeixen i els diferents factors implicats en el seu desenvolupament. A continuació, es recullen diferents estratègies adreçades a augmentar la motivació de l’alumnat. Concretament, s’analitzen en profunditat les dues estratègies que s’han usat en aquesta intervenció, la gamificació i la contextualització. A més de realitzar una descripció de les seves bases teòriques, es comenten algunes de les experiències prèvies on s’han usat aquestes estratègies. Posteriorment, s’exposen els objectius del treball i es descriuen les característiques principals de la mostra d’estudi. A més, es realitza una descripció exhaustiva de la intervenció dissenyada, així com també dels instruments de recollida de dades emprats. Aquest treball no només inclou la proposta didàctica en forma d’unitat didàctica dissenyada per a l’assignatura de Biologia i Geologia de 4t d’ESO de l’escola Joan XXIII de Bellvitge, sinó que també mostra els resultats de la seva aplicació. Després d’analitzar les dades obtingudes i d’examinar les opinions de l’alumnat i de la mentora, es descriuen les conclusions finals. Finalment, es presenten les propostes de millora d’aquesta recerca, així com també una reflexió sobre futurs estudis relacionats amb aquest tema.</subfield>
   </datafield>
   <datafield tag="653" ind2=" " ind1=" ">
      <subfield code="a">Motivació en l&amp;apos;educació</subfield>
   </datafield>
   <datafield tag="653" ind2=" " ind1=" ">
      <subfield code="a">Ludificació</subfield>
   </datafield>
   <datafield tag="653" ind2=" " ind1=" ">
      <subfield code="a">Treball de fi de màster – Curs 2019-2020</subfield>
   </datafield>
   <datafield ind2="0" ind1="0" tag="245">
      <subfield code="a">Ús de diferents estratègies per augmentar la motivació i participació de l’alumnat: gamificació i contextualització</subfield>
   </datafield>
</record></metadata></record></GetRecord></OAI-PMH>